[Event "IECC M email"]
[Site "IECC email"]
[Date "2000.07.09"]
[Round "?"]
[White "Martin, Dennis"]
[Black "Goette, Patrick"]
[Result "1-0"]
[WhiteElo "1708"]
[BlackElo "1673"]
[PlyCount "55"]
[EventDate "2000.??.??"]
[EventType "tourn (corr)"]
[EventRounds "2"]
[SourceTitle "Corr 2008"]
[Source "ChessBase"]
[SourceDate "2008.06.24"]
[SourceVersion "1"]
[SourceVersionDate "2008.06.24"]
[SourceQuality "1"]

1. e4 c6 2. Nf3 d5 3. exd5 cxd5 4. d4 Nc6 5. Bb5 Bd7 6. Ng5 Nf6 7. 0-0 e6 8. Re1 Bd6 9. Nf3 Qc7 10. c3 Ng4 11. h3 Nf6 12. Bd3 0-0-0 13. Na3 Ne7 14. Ne5 Rdf8 15. Bf4 a6 16. c4 Kd8 17. Qb3 Bc8 18. Rac1 Qb8 19. Bd2 Nd7 20. cxd5 Nxd5 21. Ba5+ Nc7 22. Nac4 Be7 23. Nxd7 Bxd7 24. Ne5 b6 25. Rc6 Nd5 26. Bxb6+ Ke8 27. Nxd7 Kxd7 28. Qa4 1-0